| 000 | 00461nam a2200193Ia 4500 | ||
|---|---|---|---|
| 008 | 170918s9999 xx 000 0 und d | ||
| 020 | _a9780746099858 | ||
| 050 | _bF527 2007 | ||
| 100 | _aFirth, Rachel | ||
| 245 | _aJulius Caesar / | ||
| 245 | _cby Rachel Firth. | ||
| 260 | _aEngland : | ||
| 260 | _bUsborne, | ||
| 260 | _c2007 | ||
| 300 | _a64 pages : | ||
| 300 | _bcolored illustrations ; | ||
| 300 | _c20cm. | ||
| 300 | _eUsborne young reading. | ||
| 999 |
_c343918 _d343918 |
||